|
|
|
|
| LEADER |
00000nam a22000007a 4500 |
| 005 |
2015070600580.0 |
| 007 |
cr|||| |||| |
| 008 |
150706s2015 sp |||||s|||| 00||0 spa d |
| 035 |
|
|
|a 12740
|
| 040 |
|
|
|a vLex
|
| 090 |
|
|
|c 5475
|d 5475
|
| 100 |
1 |
|
|a Martn̕ez Atienza, Gorgonio
|
| 245 |
1 |
0 |
|a Derecho Civil, Penal Sustantivo y Procesal.
|h [Recurso electrn̤ico] :
|b Jurisprudencia del Tribunal Supremo /
|c Gorgonio Martinez Atienza
|
| 256 |
|
|
|a Servicio en ln̕ea
|
| 260 |
|
|
|a Barcelona :
|b Editorial vLex,
|c 2015
|
| 300 |
|
|
|a 1 recurso electrn̤ico
|
| 500 |
|
|
|a Derecho Civil y Penal Sustantivo y Procesal. Jurisprudencia del Tribunal Supremo. Acuerdos del Pleno no Jurisdiccional de las Salas Primera y Segunda del TS. Circulares, Instrucciones y Consultas de la FGE
|
| 506 |
1 |
|
|a Contenido disponible en los productos indicados
|d vLex Global
|d vLex Global (Academic Edition, excluding Law Schools)
|d vLex Global (U.S. Academic Edition, Law Schools)
|d vLex Global (U.S. Academic Edition, excluding Law Schools)
|d vLex Global (Academic Edition, Law Schools)
|
| 650 |
0 |
4 |
|a Derecho civil
|x Jurisprudencia
|z Espaą
|
| 650 |
0 |
4 |
|a Derecho penal
|x Jurisprudencia
|z Espaą
|
| 650 |
0 |
4 |
|a Derecho procesal
|x Jurisprudencia
|z Espaą
|
| 740 |
0 |
|
|a vLex Libros (Servicio en ln̕ea)
|
| 856 |
4 |
0 |
|u http://vlex.com/source/derecho-civil-penal-sustantivo-procesal-12740
|z Acceso restringido
|
| 942 |
|
|
|c BOOK
|
| 999 |
0 |
|
|a Procedure (Law)
|
| 999 |
0 |
|
|a Civil law
|
| 999 |
0 |
|
|a Criminal law
|